LEADER 00961nam0 22002891i 450 001 RML0293693 005 20231121125738.0 010 $a8804284285 100 $a20121121d1984 ||||0itac50 ba 101 | $aita 102 $ait 181 1$6z01$ai $bxxxe 182 1$6z01$an 200 1 $a˜Il œquarto protocollo$fFrederick Forsyth$gTraduzione di Roberta Rambelli 210 $aMilano $cMondadori $d©1984 215 $a380 p.$d20 cm 225 | $aBestsellers$v46 410 0$1001CFI0012751$12001 $aBestsellers$v46 700 1$aForsyth$b, Frederick$3CFIV000614$0168021 801 3$aIT$bIT-01$c20121121 850 $aIT-FR0017 899 $aBiblioteca umanistica Giorgio Aprea$bFR0017 $eN 912 $aRML0293693 950 0$aBiblioteca umanistica Giorgio Aprea$d 52MAG 7/897$e 52FLS0000160775 VMB RS $fA $h20220113$i20220113 977 $a 52 996 $aQuarto protocollo$93628499 997 $aUNICAS LEADER 01251nam2 22003373i 450 001 NAP0407206 005 20251003044250.0 010 $a9782876472914 100 $a20080519e20071796||||0itac50 ba 101 | $afre 102 $afr 181 1$6z01$ai $bxxxe 182 1$6z01$an 200 0 $a1$fLeonhard Euler 210 $a[Paris]$cJ. Gabay$d[2007] 215 $aXIV, 364 p.$d25 cm 300 $aRipr. facs. dell'ed.: Paris : Barrois, 1796 461 1$1001NAP0407204$12001 $aIntroduction a l'analyse infinitésimale$fLeonhard Euler$v1 700 1$aEuler$b, Leonhard$3VEAV019451$4070$08600 790 1$aEuler$b, Leonard$3MILV240387$zEuler, Leonhard 790 1$aEulero$b, Leonhardo$3MUSV024667$zEuler, Leonhard 790 1$aEulerus$b, Leonardus$3SBNV034250$zEuler, Leonhard 790 1$aEulero$b, Lionardo$3SBNV034251$zEuler, Leonhard 790 1$aEjler$b, Leonard$3SBNV034252$zEuler, Leonhard 801 3$aIT$bIT-000000$c20080519 850 $aIT-BN0095 912 $aNAP0407206 950 2$aBiblioteca Centralizzata di Ateneo$cv. 1-2$d 01RIPR. FACSFr. C 0008$e 0102 0000066225 VMA (0001 v. 1$fY $h20080519$i20080519 977 $a 01 996 $a1$9103719 997 $aUNISANNIO